[Event "FIDE-Wch k.o. (Women)"]
[Site "Elista RUS"]
[Date "2004.05.23"]
[Round "1.2"]
[White "Petrenko, Svetlana"]
[Black "Zhukova, Natalia"]
[Result "1/2-1/2"]
[WhiteElo "2313"]
[BlackElo "2471"]
[EventDate "2004.05.22"]
[PlyCount "44"]

1.e4 e6 2.d4 d5 3.exd5 exd5 4.Nf3 Nc6 5.Bd3 Bd6 6.O-O Nge7 7.c3 Bg4 8.Nbd2
Qd7 9.b4 Ng6 10.Re1+ Nce7 11.Qc2 Nf4 12.Ne5 Bxe5 13.Rxe5 Nxd3 14.Qxd3 O-O 
15.h3 Be6 16.Nf3 f6 17.Re2 Rfe8 18.Bf4 Ng6 19.Bg3 Bf5 20.Rxe8+ Rxe8 21.Qd2
Be4 22.Nh2 Ne7 1/2-1/2

[Event "FIDE-Wch k.o. (Women)"]
[Site "Elista RUS"]
[Date "2004.05.23"]
[Round "1.3"]
[White "Petrenko, Svetlana"]
[Black "Zhukova, Natalia"]
[Result "1/2-1/2"]
[WhiteElo "2313"]
[BlackElo "2471"]
[EventDate "2004.05.22"]
[PlyCount "82"]

1.e4 e6 2.d4 d5 3.e5 c5 4.c3 Nc6 5.Nf3 Bd7 6.Be2 Rc8 7.O-O a6 8.Nbd2 cxd4 
9.cxd4 Qb6 10.Nb3 Nb4 11.Nc5 Bxc5 12.dxc5 Qxc5 13.Bd2 Nc6 14.b4 Qe7 15.a3 
f6 16.exf6 Nxf6 17.Be3 e5 18.Bc5 Qe6 19.Bd3 e4 20.Re1 b6 21.Nd4 Nxd4 22.
Bxd4 Bb5 23.Bxb5+ axb5 24.Bxf6 gxf6 25.Qh5+ Qf7 26.Qf5 O-O 27.f3 exf3 28.
Qxf3 Rc4 29.Rad1 d4 30.Re4 Rd8 31.Qg4+ Qg6 32.Qe6+ Kh8 33.Rg4 Qh6 34.Qxb6 
Rg8 35.Rxg8+ Kxg8 36.Qe6+ Kf8 37.Re1 Rc1 38.Qe7+ Kg8 39.Qe8+ Kg7 40.Qd7+ 
Kf8 41.Qe8+ Kg7 1/2-1/2

[Event "FIDE-Wch k.o. (Women)"]
[Site "Elista RUS"]
[Date "2004.05.23"]
[Round "1.4"]
[White "Zhukova, Natalia"]
[Black "Petrenko, Svetlana"]
[Result "1-0"]
[WhiteElo "2471"]
[BlackElo "2313"]
[EventDate "2004.05.22"]
[PlyCount "71"]

1.d4 Nf6 2.c4 g6 3.Nc3 d5 4.cxd5 Nxd5 5.e4 Nxc3 6.bxc3 Bg7 7.Bc4 O-O 8.Ne2
c5 9.O-O Nd7 10.Bg5 Nf6 11.f3 cxd4 12.cxd4 h6 13.Be3 e6 14.Qd2 Kh7 15.Rac1
b6 16.Nf4 Qe7 17.e5 Ne8 18.Bd3 Bb7 19.Rc3 Nc7 20.Qc2 Nd5 21.Bxg6+ Kh8 22.
Nxd5 Bxd5 23.Rc7 Qa3 24.Bd3 b5 25.Rf2 Bxa2 26.Rc3 Qa5 27.Qc1 Bc4 28.Be4 
Rab8 29.Bxh6 Rfc8 30.Qg5 Rg8 31.Qh5 Rgc8 32.Qxf7 Qa1+ 33.Rc1 Qxc1+ 34.Bxc1
Bd5 35.Bh6 Bf8 36.Qf6+ 1-0

[Event "FIDE-Wch k.o. (Women)"]
[Site "Elista RUS"]
[Date "2004.05.22"]
[Round "1.1"]
[White "Tkeshelashvili, Sopio"]
[Black "Xu Yuhua"]
[Result "1/2-1/2"]
[WhiteElo "2307"]
[BlackElo "2474"]
[EventDate "2004.05.22"]
[PlyCount "57"]

1.d4 Nf6 2.c4 e6 3.Nc3 Bb4 4.e3 O-O 5.Bd3 d5 6.cxd5 exd5 7.Ne2 Bd6 8.O-O 
Ng4 9.f4 Re8 10.Rf3 Nf6 11.Qe1 Bg4 12.Rg3 Qd7 13.h3 Bf5 14.Bxf5 Qxf5 15.
Rg5 Qe6 16.Qg3 Kh8 17.Qf3 h6 18.Re5 Bxe5 19.fxe5 Nh7 20.Nf4 Qd7 21.Ncxd5 
Nc6 22.b4 Ng5 23.Qh5 Ne7 24.Nf6 Qc6 25.Nxe8 Qc3 26.Rb1 Qc2 27.Ra1 Qc3 28.
Rb1 Qc2 29.Ra1 1/2-1/2

[Event "FIDE-Wch k.o. (Women)"]
[Site "Elista RUS"]
[Date "2004.05.23"]
[Round "1.2"]
[White "Xu Yuhua"]
[Black "Tkeshelashvili, Sopio"]
[Result "1/2-1/2"]
[WhiteElo "2474"]
[BlackElo "2307"]
[EventDate "2004.05.22"]
[PlyCount "42"]

1.e4 e6 2.Qe2 c5 3.g3 Nc6 4.Nf3 d6 5.Bg2 g6 6.O-O Bg7 7.c3 Nge7 8.Na3 O-O 
9.Nc2 e5 10.d3 f5 11.exf5 Bxf5 12.Nh4 Be6 13.d4 cxd4 14.Nxd4 Nxd4 15.cxd4 
Qc8 16.Rd1 Bg4 17.f3 Bh3 18.dxe5 dxe5 19.Bxh3 Qxh3 20.Qe4 Nf5 21.Nxf5 Qxf5
1/2-1/2

[Event "FIDE-Wch k.o. (Women)"]
[Site "Elista RUS"]
[Date "2004.05.23"]
[Round "1.3"]
[White "Tkeshelashvili, Sopio"]
[Black "Xu Yuhua"]
[Result "0-1"]
[WhiteElo "2307"]
[BlackElo "2474"]
[EventDate "2004.05.22"]
[PlyCount "38"]

1.d4 Nf6 2.c4 e6 3.Nc3 Bb4 4.e3 O-O 5.Bd3 d5 6.cxd5 exd5 7.Ne2 Re8 8.O-O 
Bd6 9.a3 Ng4 10.h3 Nh2 11.Re1 Nf3+ 12.gxf3 Qg5+ 13.Ng3 Bxg3 14.Kf1 Bxh3+ 
15.Ke2 Bxf2 16.Rh1 Bxe3 17.Bxh7+ Kf8 18.Ne4 dxe4 19.f4 Bxf4 0-1

[Event "FIDE-Wch k.o. (Women)"]
[Site "Elista RUS"]
[Date "2004.05.23"]
[Round "1.4"]
[White "Xu Yuhua"]
[Black "Tkeshelashvili, Sopio"]
[Result "1-0"]
[WhiteElo "2474"]
[BlackElo "2307"]
[EventDate "2004.05.22"]
[PlyCount "33"]

1.e4 e6 2.d4 d5 3.Nc3 dxe4 4.Nxe4 Nd7 5.Nf3 Ngf6 6.Nxf6+ Nxf6 7.c3 c5 8.
Be3 Nd5 9.Ne5 Nxe3 10.Bb5+ Bd7 11.Qf3 Nf5 12.Bxd7+ Ke7 13.Qxb7 Kf6 14.Bc6 
Be7 15.Qxa8 Qxa8 16.Bxa8 Rxa8 17.Nd7+ 1-0

[Event "FIDE-Wch k.o. (Women)"]
[Site "Elista RUS"]
[Date "2004.05.22"]
[Round "1.1"]
[White "Zhao Xue"]
[Black "Paridar, Shadi"]
[Result "1-0"]
[WhiteElo "2477"]
[BlackElo "2265"]
[EventDate "2004.05.22"]
[PlyCount "68"]

1.d4 d5 2.c4 e6 3.Nc3 c6 4.Nf3 Nf6 5.e3 Nbd7 6.Qc2 Bd6 7.b3 O-O 8.Be2 b6 
9.O-O Bb7 10.Bb2 Qe7 11.Rad1 Rac8 12.e4 dxe4 13.Nxe4 Bb8 14.Rfe1 Nxe4 15.
Qxe4 f5 16.Qc2 c5 17.Qd2 cxd4 18.Nxd4 Rcd8 19.Bf3 Bxf3 20.Nxf3 e5 21.Qd5+ 
Kh8 22.Nd4 Nf6 23.Qf3 Ng4 24.Nxf5 Rxd1 25.Rxd1 Qg5 26.h4 Qg6 27.Ne7 Qe8 
28.Ng6+ hxg6 29.Qxg4 Rf5 30.h5 Rxh5 31.Qd7 Qxd7 32.Rxd7 Kh7 33.g4 Rh4 34.
f3 g5 1-0

[Event "FIDE-Wch k.o. (Women)"]
[Site "Elista RUS"]
[Date "2004.05.23"]
[Round "1.2"]
[White "Paridar, Shadi"]
[Black "Zhao Xue"]
[Result "0-1"]
[WhiteElo "2265"]
[BlackElo "2477"]
[EventDate "2004.05.22"]
[PlyCount "48"]

1.e4 c5 2.c3 Nf6 3.e5 Nd5 4.d4 cxd4 5.Nf3 Nc6 6.cxd4 d6 7.exd6 e6 8.Nc3 
Bxd6 9.Bc4 O-O 10.O-O Nf6 11.Bg5 Be7 12.Re1 b6 13.a3 Bb7 14.Qd3 h6 15.Bh4 
Nh5 16.Bxe7 Nxe7 17.Rad1 Nf4 18.Qe3 Nxg2 19.Kxg2 Nf5 20.Qf4 g5 21.Qc1 Nh4+
22.Kf1 Nxf3 23.Re3 Nxh2+ 24.Ke2 Qf6 0-1

[Event "FIDE-Wch k.o. (Women)"]
[Site "Elista RUS"]
[Date "2004.05.22"]
[Round "1.1"]
[White "Cramling, Pia"]
[Black "Hahn, Anna"]
[Result "1-0"]
[WhiteElo "2491"]
[BlackElo "2235"]
[EventDate "2004.05.22"]
[PlyCount "80"]

1.d4 d5 2.Nf3 Nf6 3.c4 c6 4.Qb3 dxc4 5.Qxc4 Bf5 6.g3 e6 7.Bg2 Be7 8.O-O 
O-O 9.Nc3 Ne4 10.Qb3 Qb6 11.Ne1 Nd6 12.e4 Bg6 13.Be3 Nd7 14.Nd3 Qxb3 15.
axb3 f5 16.e5 Ne8 17.b4 Nc7 18.b5 Nd5 19.Rfc1 N7b6 20.Nxd5 cxd5 21.Rc7 Bd8
22.Rxb7 Rf7 23.Rxf7 Bxf7 24.Nb4 Nc4 25.Bc1 Na5 26.Ra3 Bb6 27.b3 Rc8 28.Bd2
Nb7 29.Nc6 Kf8 30.Nxa7 Rc2 31.Bb4+ Ke8 32.Nc6 Bh5 33.Bf1 Bf3 34.Ra6 Bd8 
35.Ra7 Rc1 36.Rxb7 Be2 37.f3 Rxf1+ 38.Kg2 Rxf3 39.Rb8 Rxb3 40.Rxd8+ Kf7 
1-0

[Event "FIDE-Wch k.o. (Women)"]
[Site "Elista RUS"]
[Date "2004.05.23"]
[Round "1.2"]
[White "Hahn, Anna"]
[Black "Cramling, Pia"]
[Result "1/2-1/2"]
[WhiteElo "2235"]
[BlackElo "2491"]
[EventDate "2004.05.22"]
[PlyCount "97"]

1.d4 d5 2.c4 c6 3.Nc3 Nf6 4.e3 g6 5.Nf3 Bg7 6.Bd3 O-O 7.O-O Bg4 8.h3 Bxf3 
9.Qxf3 Qd6 10.b3 Nbd7 11.cxd5 Nxd5 12.Ne4 Qc7 13.Bb2 a5 14.Rac1 Nb4 15.Bb1
Rad8 16.a3 Nd5 17.Nd2 Qb8 18.Nc4 Qa7 19.Qe2 Rfe8 20.f4 Rf8 21.a4 Nb4 22.f5
c5 23.Ne5 cxd4 24.Bxd4 Qa6 25.Qxa6 Nxa6 26.Nf3 Bxd4 27.Nxd4 Ndc5 28.Rf2 
Rd6 29.Rcf1 Nb4 30.Rf4 Nd5 31.R4f3 Nc3 32.Bc2 e5 33.fxe6 Nxe6 34.Rf6 Nd5 
35.Nxe6 Nxf6 36.Nxf8 Kxf8 37.Rd1 Rxd1+ 38.Bxd1 Ke7 39.Bf3 b6 40.Kf2 Kd6 
41.Ke2 Nd7 42.Kd3 Kc5 43.Kc3 f5 44.Bb7 Nf6 45.Bf3 Ne8 46.Be2 Nd6 47.Bf3 
Ne8 48.Be2 Nd6 49.Bf3 1/2-1/2

[Event "FIDE-Wch k.o. (Women)"]
[Site "Elista RUS"]
[Date "2004.05.23"]
[Round "1.2"]
[White "Khaziyeva, Dinara"]
[Black "Galliamova, Alisa"]
[Result "0-1"]
[WhiteElo "2110"]
[BlackElo "2502"]
[EventDate "2004.05.22"]
[PlyCount "66"]

1.c4 e5 2.g3 Nc6 3.Bg2 Nf6 4.Nc3 Bc5 5.d3 d6 6.a3 a5 7.Bg5 Bxf2+ 8.Kf1 
Bxg1 9.Kxg1 h6 10.Bd2 O-O 11.h3 Nd4 12.Kh2 c6 13.e3 Ne6 14.e4 Nh7 15.Rf1 
Nhg5 16.Be3 Bd7 17.Rf2 Qe7 18.Qh5 Nd4 19.Raf1 b5 20.cxb5 Nxb5 21.Ne2 c5 
22.h4 Nh7 23.Bh3 Bxh3 24.Kxh3 Qe6+ 25.g4 Nc7 26.Kg2 Rab8 27.Bc1 Rb3 28.Rf3
c4 29.dxc4 Rxf3 30.Rxf3 Qxc4 31.Nc3 Nb5 32.Nxb5 Qxc1 33.Rf2 g6 0-1

[Event "FIDE-Wch k.o. (Women)"]
[Site "Elista RUS"]
[Date "2004.05.22"]
[Round "1.1"]
[White "Matveeva, Svetlana"]
[Black "Houli, Asma"]
[Result "1-0"]
[WhiteElo "2496"]
[BlackElo "2116"]
[EventDate "2004.05.22"]
[PlyCount "95"]

1.d4 Nf6 2.c4 e6 3.Nc3 Bb4 4.Qc2 c5 5.dxc5 Qa5 6.Bd2 Qxc5 7.e3 d5 8.a3 
Bxc3 9.Bxc3 Nbd7 10.Nf3 Qc7 11.Qa4 O-O 12.cxd5 Nxd5 13.Bd2 Nc5 14.Qc2 f5 
15.Rc1 Na6 16.Qc3 Qc6 17.Qxc6 Nac7 18.Ne5 b6 19.f3 Ne8 20.Bd3 Bb7 21.Ke2 
Nd6 22.b4 a6 23.a4 Rfe8 24.Qc8 Rexc8 25.a5 bxa5 26.bxa5 Rxc1 27.Rxc1 Rc8 
28.Rxc8+ Bxc8 29.Nc6 Kf7 30.e4 fxe4 31.fxe4 Nc7 32.Ke3 Ndb5 33.Bb4 g6 34.
Bc5 Ke8 35.Ne5 Bb7 36.Kf4 Nc3 37.Ng4 Kf7 38.Nh6+ Ke8 39.Ke5 Kd7 40.Ng8 Ne8
41.g4 h5 42.g5 Nc7 43.Ne7 Ke8 44.Nxg6 Kf7 45.Nf4 h4 46.g6+ Kg7 47.Be7 Ne8 
48.Bxh4 1-0

[Event "FIDE-Wch k.o. (Women)"]
[Site "Elista RUS"]
[Date "2004.05.23"]
[Round "1.2"]
[White "Houli, Asma"]
[Black "Matveeva, Svetlana"]
[Result "0-1"]
[WhiteElo "2116"]
[BlackElo "2496"]
[EventDate "2004.05.22"]
[PlyCount "152"]

1.d4 d5 2.c4 dxc4 3.Nc3 a6 4.e3 e6 5.a4 Nf6 6.Bxc4 Be7 7.Nf3 c5 8.O-O Nc6 
9.dxc5 Qxd1 10.Rxd1 Bxc5 11.h3 O-O 12.e4 Bb4 13.e5 Nd7 14.Bf4 Nb6 15.Be2 
h6 16.Nd4 Bd7 17.Bf3 Rfc8 18.Na2 Bf8 19.b3 Nxd4 20.Rxd4 Bc6 21.Bxc6 Rxc6 
22.Rc1 Rxc1+ 23.Nxc1 Rc8 24.Bd2 Nd5 25.Nd3 Rc2 26.Bc1 Rc3 27.b4 Nxb4 28.
Nxb4 Rxc1+ 29.Kh2 Ra1 30.Nd3 g5 31.Kg3 Kg7 32.Kf3 b5 33.axb5 axb5 34.Rd7 
Ra3 35.Ke4 b4 36.Rb7 Ra2 37.Ke3 Rc2 38.Rb8 Rc4 39.Nb2 Rc7 40.Nd3 Bc5+ 41.
Nxc5 Rxc5 42.Rxb4 Rxe5+ 43.Kf3 Kg6 44.g4 h5 45.gxh5+ Kxh5 46.Rb8 Kg6 47.
Rg8+ Kf5 48.Ra8 Rb5 49.Ra3 Rb4 50.Kg3 e5 51.f3 f6 52.Rc3 e4 53.fxe4+ Rxe4 
54.Rc5+ Re5 55.Rc3 Re4 56.Rc5+ Kg6 57.Rc6 Rd4 58.Ra6 Kf5 59.Ra5+ Ke6 60.
Ra6+ Ke5 61.Ra5+ Rd5 62.Ra3 f5 63.Re3+ Kf6 64.Ra3 Rd4 65.Ra6+ Ke5 66.Ra3 
Ke4 67.Ra8 Rd3+ 68.Kg2 Rd2+ 69.Kg3 f4+ 70.Kg4 Rg2+ 71.Kh5 f3 72.Re8+ Kd3 
73.Rd8+ Ke2 74.Re8+ Kf1 75.Rf8 f2 76.Rf5 Kg1 0-1

[Event "FIDE-Wch k.o. (Women)"]
[Site "Elista RUS"]
[Date "2004.05.22"]
[Round "1.1"]
[White "Van der Merwe, Cecile"]
[Black "Humpy, Koneru"]
[Result "0-1"]
[WhiteElo "2062"]
[BlackElo "2513"]
[EventDate "2004.05.22"]
[PlyCount "116"]

1.e4 c5 2.Nf3 e6 3.d4 cxd4 4.Nxd4 a6 5.Nc3 Qc7 6.Bd3 Nf6 7.O-O Be7 8.Qe2 
d6 9.Bg5 Nbd7 10.Kh1 b5 11.a4 b4 12.Na2 Bb7 13.Bd2 Nc5 14.f3 O-O 15.a5 
Nxd3 16.cxd3 Qxa5 17.Bxb4 Qb6 18.Qf2 a5 19.Ba3 Nd7 20.Nc3 Ba6 21.Na4 Qb7 
22.Qe3 Rfd8 23.Rac1 Nc5 24.Nxc5 dxc5 25.Bxc5 Bxc5 26.Rxc5 Qxb2 27.Nc6 Rxd3
28.Qc1 Qb6 29.Nxa5 h6 30.Nc6 Rb3 31.Rd1 Be2 32.Re1 Bd3 33.Ne5 Rb1 34.Rc8+ 
Kh7 35.Rxa8 Rxc1 36.Rxc1 Ba6 37.Nxf7 Qb2 38.Rd1 Be2 39.Rda1 Qf6 40.Nd6 Qf4
41.R8a2 Bxf3 42.gxf3 Qxd6 43.Rg1 Qd3 44.Rf2 Qe3 45.Kg2 g5 46.h3 Kg6 47.Rd1
Qf4 48.Rd3 h5 49.Rc3 h4 50.Kg1 Qg3+ 51.Kf1 Qxh3+ 52.Ke2 g4 53.Rc1 g3 54.
Rg1 Kf6 55.Rfg2 Kg5 56.Ke3 e5 57.Rd2 Qe6 58.Rd5 Qb6+ 0-1

[Event "FIDE-Wch k.o. (Women)"]
[Site "Elista RUS"]
[Date "2004.05.23"]
[Round "1.2"]
[White "Humpy, Koneru"]
[Black "Van der Merwe, Cecile"]
[Result "1-0"]
[WhiteElo "2513"]
[BlackElo "2062"]
[EventDate "2004.05.22"]
[PlyCount "61"]

1.d4 Nf6 2.Nf3 c5 3.d5 g6 4.Nc3 d6 5.e4 Bg7 6.Be2 O-O 7.O-O b6 8.Re1 Nbd7 
9.a4 a6 10.h3 Bb7 11.Bf4 Ne8 12.Qd2 Nc7 13.Bc4 Ne5 14.Nxe5 Bxe5 15.Bh6 Re8
16.Rab1 Qd7 17.b4 Rab8 18.bxc5 bxc5 19.Rb6 Ba8 20.Reb1 Rxb6 21.Rxb6 e6 22.
a5 exd5 23.exd5 Bd4 24.Bb3 Qe7 25.Ba4 Qe1+ 26.Qxe1 Rxe1+ 27.Kh2 f5 28.Rb8+
Kf7 29.Rf8+ Ke7 30.Rc8 Bxc3 31.Bg5+ 1-0

[Event "FIDE-Wch k.o. (Women)"]
[Site "Elista RUS"]
[Date "2004.05.22"]
[Round "1.1"]
[White "Morales Mendoza, Luciana"]
[Black "Lahno, Kateryna"]
[Result "0-1"]
[WhiteElo "2007"]
[BlackElo "2493"]
[EventDate "2004.05.22"]
[PlyCount "127"]

1.d4 Nf6 2.Nf3 g6 3.c4 Bg7 4.Nc3 O-O 5.Bg5 d6 6.Qc2 Nbd7 7.Rd1 c5 8.e3 a6 
9.Be2 Qc7 10.d5 Rb8 11.O-O h6 12.Bh4 Re8 13.Nd2 Nf8 14.e4 Bd7 15.a4 Qa5 
16.h3 g5 17.Bg3 Ng6 18.Nb3 Bxa4 19.Ra1 Bxb3 20.Qxb3 Qc7 21.Rfe1 Nd7 22.Bh5
Nde5 23.Be2 Qd7 24.Ra5 Kh8 25.Qc2 Rg8 26.Kh2 Bf6 27.Qd2 Rg7 28.Nd1 e6 29.
Ne3 Rbg8 30.dxe6 fxe6 31.Ra3 Qc6 32.Ng4 Nxg4+ 33.Bxg4 Re7 34.Qxd6 Qxd6 35.
Bxd6 Be5+ 36.Bxe5+ Nxe5 37.Rc3 Rd8 38.Rc2 Rd4 39.b3 Kg7 40.Ra2 Kf6 41.Kg3 
Red7 42.Re3 Rd3 43.Re2 Nc6 44.Rxd3 Rxd3+ 45.Re3 Rxe3+ 46.fxe3 Ke5 47.h4 
Na5 48.hxg5 hxg5 49.Bd1 Kxe4 50.Kg4 Kxe3 51.Kxg5 Kd2 52.Bf3 b5 53.cxb5 
axb5 54.g4 Nxb3 55.Kf4 c4 56.g5 c3 57.Be4 Nc5 58.g6 Nxe4 59.Kxe4 c2 60.g7 
c1=Q 61.g8=Q Qe1+ 62.Kf3 Qf1+ 63.Ke4 Qf5+ 64.Kd4 0-1

[Event "FIDE-Wch k.o. (Women)"]
[Site "Elista RUS"]
[Date "2004.05.23"]
[Round "1.2"]
[White "Lahno, Kateryna"]
[Black "Morales Mendoza, Luciana"]
[Result "1/2-1/2"]
[WhiteElo "2493"]
[BlackElo "2007"]
[EventDate "2004.05.22"]
[PlyCount "68"]

1.e4 e6 2.d4 d5 3.Nc3 Nf6 4.Bg5 dxe4 5.Nxe4 Be7 6.Bxf6 Bxf6 7.Nf3 Nd7 8.
Qd2 O-O 9.O-O-O Be7 10.Bd3 b6 11.h4 Bb7 12.c3 Nf6 13.Neg5 Bxf3 14.Nxf3 c5 
15.Kb1 Qc7 16.Qe2 Rfd8 17.Rhe1 Bf8 18.g3 Rac8 19.Ba6 Rb8 20.Bb5 Rd6 21.Rd2
Rbd8 22.Red1 Qb7 23.Bd3 cxd4 24.Nxd4 g6 25.Bc2 Bg7 26.a3 a6 27.Ka2 b5 28.
Qf3 Qd7 29.Nb3 Qc7 30.Rxd6 Rxd6 31.Rxd6 Qxd6 32.Qa8+ Bf8 33.Qb7 Nd5 34.Kb1
Be7 1/2-1/2

[Event "FIDE-Wch k.o. (Women)"]
[Site "Elista RUS"]
[Date "2004.05.24"]
[Round "2.1"]
[White "Humpy, Koneru"]
[Black "Peng Zhaoqin"]
[Result "1-0"]
[WhiteElo "2513"]
[BlackElo "2396"]
[EventDate "2004.05.22"]
[PlyCount "111"]

1.d4 d5 2.c4 c6 3.Nf3 Nf6 4.e3 g6 5.Nc3 Bg7 6.Be2 O-O 7.O-O Bg4 8.cxd5 
cxd5 9.Qb3 b6 10.Bd2 Nc6 11.Rfc1 Na5 12.Qd1 Bxf3 13.Bxf3 e6 14.b3 Qd6 15.
Be2 a6 16.Qf1 b5 17.Nxd5 Nxd5 18.Bxa5 e5 19.e4 Nf6 20.dxe5 Qxe5 21.Bc3 Qe7
22.f3 Rac8 23.Qe1 Ng4 24.fxg4 Qc5+ 25.Qf2 Bxc3 26.Qxc5 Rxc5 27.Rab1 Re8 
28.Bd3 Kg7 29.Kf2 Rec8 30.Ke2 Be5 31.Rxc5 Rxc5 32.h3 a5 33.b4 Rc3 34.bxa5 
Ra3 35.Rxb5 Rxa2+ 36.Kf3 Bc7 37.Rb7 Bxa5 38.Bc4 Ra3+ 39.Kf4 Bd2+ 40.Ke5 
Bc3+ 41.Kd6 Ra5 42.Rxf7+ Kh6 43.h4 g5 44.h5 Be5+ 45.Ke6 Bd4 46.Rd7 Re5+ 
47.Kf7 Bc5 48.Rc7 Bd6 49.Rc6 Re7+ 50.Kf6 Bb4 51.Kf5+ Kg7 52.h6+ Kf8 53.
Rc8+ Re8 54.Rxe8+ Kxe8 55.Bg8 Bc3 56.Kxg5 1-0

[Event "FIDE-Wch k.o. (Women)"]
[Site "Elista RUS"]
[Date "2004.05.25"]
[Round "2.2"]
[White "Kachiani-Gersinska, Ketino"]
[Black "Krush, Irina"]
[Result "1-0"]
[WhiteElo "2439"]
[BlackElo "2465"]
[EventDate "2004.05.22"]
[PlyCount "81"]

1.d4 d5 2.c4 c6 3.Nf3 Nf6 4.e3 e6 5.Bd3 a6 6.O-O c5 7.b3 Nc6 8.Bb2 cxd4 9.
exd4 Be7 10.Nbd2 O-O 11.Qe2 b6 12.Rac1 Bb7 13.Rfd1 Qb8 14.Nf1 Qf4 15.Bb1 
Rac8 16.Ng3 Rfd8 17.Ne5 dxc4 18.Nxc6 Bxc6 19.bxc4 Bf8 20.Qc2 g6 21.d5 exd5
22.Rd4 Qd6 23.Qd2 Bg7 24.Rd3 Qb8 25.Nf5 gxf5 26.Rg3 Ne8 27.Bxg7 Nxg7 28.
Qg5 Qe5 29.Bxf5 Re8 30.h4 d4 31.Qh5 Kf8 32.Qh6 Rc7 33.Kh2 f6 34.Bd3 Rf7 
35.Rb1 Qh5 36.Qf4 Qe5 37.Qh6 Qh5 38.Qf4 Qc5 39.Bxh7 Nh5 40.Rg8+ Ke7 41.
Qc7+ 1-0

[Event "FIDE-Wch k.o. (Women)"]
[Site "Elista RUS"]
[Date "2004.05.24"]
[Round "2.1"]
[White "Hoang Thanh Trang"]
[Black "Kosintseva, Tatiana"]
[Result "1/2-1/2"]
[WhiteElo "2447"]
[BlackElo "2451"]
[EventDate "2004.05.22"]
[PlyCount "140"]

1.d4 Nf6 2.Bg5 Ne4 3.Bf4 c5 4.f3 Nf6 5.dxc5 Qa5+ 6.Nc3 Qxc5 7.e4 d6 8.Qd2 
a6 9.O-O-O Nbd7 10.g4 h6 11.Nge2 b5 12.Be3 Qc7 13.Nd4 Bb7 14.a3 Rc8 15.Kb1
Ne5 16.h4 e6 17.Rg1 Nfd7 18.f4 Nc4 19.Bxc4 Qxc4 20.Nb3 Qc7 21.g5 hxg5 22.
hxg5 Nc5 23.Nxc5 dxc5 24.g6 b4 25.gxf7+ Qxf7 26.Na4 Bxe4 27.Nb6 b3 28.Ka1 
bxc2 29.Nxc8 cxd1=R+ 30.Rxd1 Qc7 31.Nb6 Rh1 32.Nc4 Rxd1+ 33.Qxd1 Qd7 34.
Qb3 Bd5 35.Qd3 Qb5 36.Ne5 Qxd3 37.Nxd3 c4 38.Ne5 Be7 39.Kb1 Bf6 40.Bd4 Ke7
41.Kc2 Bxe5 42.Bxe5 Kf7 43.Kc3 Kg6 44.Kd4 Kf5 45.Bxg7 Kxf4 46.Be5+ Kf3 47.
Kc5 Ke4 48.Bc3 Kf4 49.a4 Ke4 50.Kb6 e5 51.Kxa6 Bc6 52.a5 Kd5 53.Kb6 e4 54.
Bd2 Ba8 55.Be3 c3 56.b3 c2 57.a6 Bc6 58.Kc7 Ba8 59.a7 Ke5 60.Kb8 Bd5 61.b4
Kf5 62.b5 Kg4 63.b6 Kf3 64.Bc1 e3 65.b7 Bxb7 66.Kxb7 e2 67.a8=Q e1=Q 68.
Kb6+ Ke2 69.Qe4+ Kd1 70.Qxe1+ Kxe1 1/2-1/2

[Event "FIDE-Wch k.o. (Women)"]
[Site "Elista RUS"]
[Date "2004.05.25"]
[Round "2.2"]
[White "Kosintseva, Tatiana"]
[Black "Hoang Thanh Trang"]
[Result "1-0"]
[WhiteElo "2451"]
[BlackElo "2447"]
[EventDate "2004.05.22"]
[PlyCount "141"]

1.e4 e6 2.d4 d5 3.Nc3 Nf6 4.Bg5 Bb4 5.e5 h6 6.Bh4 g5 7.Bg3 Ne4 8.Ne2 c5 9.
a3 Bxc3+ 10.Nxc3 Qa5 11.Qd3 Nc6 12.dxc5 Bd7 13.O-O-O Nxc3 14.Qxc3 Qxc3 15.
bxc3 Rc8 16.h4 Ke7 17.f3 a6 18.Bd3 Na5 19.Bf2 Nc4 20.c6 Bxc6 21.hxg5 h5 
22.g4 h4 23.Bxh4 Nxe5 24.g6+ f6 25.g5 f5 26.g7 Rhg8 27.g6+ Kd7 28.Bf6 Kd6 
29.f4 Nxg6 30.Rdf1 Be8 31.Kd2 Bf7 32.Ke3 Rce8 33.Rh6 Ne7 34.a4 Nc6 35.Rb1 
Kc7 36.Kf2 Nb8 37.Be5+ Kc8 38.Bd4 Nd7 39.Rg1 Kd8 40.Rh8 Ke7 41.Rb1 Rb8 42.
Rxg8 Bxg8 43.Ba7 Ra8 44.Rxb7 Kd6 45.Bd4 Kc6 46.Rb1 Nc5 47.Bxc5 Kxc5 48.a5 
Ra7 49.Bxa6 Rxg7 50.Bb7 Rg4 51.Rb4 d4 52.a6 dxc3 53.a7 Kxb4 54.a8=Q Rxf4+ 
55.Bf3 Rd4 56.Qb8+ Kc5 57.Qc7+ Kb4 58.Qb6+ Kc4 59.Qb3+ Kc5 60.Qxc3+ Rc4 
61.Qa5+ Kd4 62.Qd8+ Ke5 63.Qxg8 Rxc2+ 64.Be2 Rc5 65.Qg7+ Kd6 66.Qf8+ Kd5 
67.Bf3+ Kc4 68.Qd6 Ra5 69.Be2+ Kc3 70.Qc7+ Kb4 71.Qb6+ 1-0

[Event "FIDE-Wch k.o. (Women)"]
[Site "Elista RUS"]
[Date "2004.05.24"]
[Round "2.1"]
[White "Kosteniuk, Alexandra"]
[Black "Cmilyte, Viktorija"]
[Result "0-1"]
[WhiteElo "2469"]
[BlackElo "2430"]
[EventDate "2004.05.22"]
[PlyCount "130"]

1.e4 c5 2.Nf3 Nc6 3.d4 cxd4 4.Nxd4 Nf6 5.Nc3 e5 6.Ndb5 d6 7.Bg5 a6 8.Na3 
b5 9.Bxf6 gxf6 10.Nd5 f5 11.Bd3 Be6 12.O-O Bxd5 13.exd5 Ne7 14.Re1 Bg7 15.
Rb1 O-O 16.c4 e4 17.Bf1 bxc4 18.Nxc4 Rb8 19.b4 Rb5 20.Ne3 f4 21.Bxb5 fxe3 
22.Rxe3 axb5 23.Rxe4 Qd7 24.Qd3 Ra8 25.Rbe1 Be5 26.f4 Bf6 27.R4e2 Rc8 28.
Kh1 Qb7 29.Qh3 Kg7 30.Re3 Ng6 31.Re4 Rc3 32.Qh5 Rd3 33.Rd1 Rxd1+ 34.Qxd1 
Ne7 35.Re3 Qxd5 36.Rg3+ Kf8 37.Rd3 Qe4 38.Rxd6 Qxf4 39.Rd8+ Kg7 40.Rd3 
Qxb4 41.Rb3 Qc4 42.Qb1 Nd5 43.Rg3+ Kf8 44.h3 Be5 45.Rf3 f6 46.a3 Nf4 47.
Qd1 Ke7 48.Qg1 Ne2 49.Qa7+ Ke6 50.Qb6+ Kf7 51.Qa7+ Kg6 52.Qe3 Qc2 53.Qd3+ 
Qxd3 54.Rxd3 Nc3 55.g4 Kg5 56.Rf3 Ne2 57.Kg2 Nd4 58.Rc3 Kf4 59.Rc8 Bd6 60.
a4 b4 61.a5 b3 62.a6 b2 63.a7 b1=Q 64.a8=Q Qb2+ 65.Kh1 Kg3 0-1

[Event "FIDE-Wch k.o. (Women)"]
[Site "Elista RUS"]
[Date "2004.05.24"]
[Round "2.1"]
[White "Lomineishvili, Maia"]
[Black "Galliamova, Alisa"]
[Result "1-0"]
[WhiteElo "2397"]
[BlackElo "2502"]
[EventDate "2004.05.22"]
[PlyCount "141"]

1.e4 c5 2.Nf3 d6 3.d4 cxd4 4.Nxd4 Nf6 5.Nc3 a6 6.Be3 e6 7.f3 Nbd7 8.g4 h6 
9.Qd2 b5 10.O-O-O Bb7 11.Kb1 Rc8 12.a3 Ne5 13.Rg1 d5 14.exd5 b4 15.axb4 
Bxb4 16.dxe6 Nd5 17.exf7+ Kxf7 18.Nde2 Nc4 19.Qd4 Ndxe3 20.Qf4+ Qf6 21.
Rd7+ Be7 22.Rxb7 Qxf4 23.Nxf4 Nxf1 24.Ncd5 Rhe8 25.Ng6 Ncd2+ 26.Kc1 Kxg6 
27.Nxe7+ Kh7 28.g5 Rc5 29.f4 Ra5 30.b4 Rb5 31.gxh6 Kxh6 32.Rxb5 axb5 33.
Nf5+ Kh7 34.Rxg7+ Kh8 35.Rb7 Re1+ 36.Kb2 Nc4+ 37.Kc3 Re4 38.Rxb5 Nxh2 39.
Ng3 Rxf4 40.Rh5+ Kg8 41.Rxh2 Nb6 42.Rd2 Kf7 43.Ne2 Re4 44.Nc1 Ke6 45.Re2 
Nd5+ 46.Kb3 Ne3 47.Nd3 Kd5 48.Nf4+ Kc6 49.Ng2 Nc4 50.Rxe4 Nd2+ 51.Ka4 Nxe4
52.c4 Nd2 53.Ne3 Kb6 54.Ka3 Kc6 55.Kb2 Ne4 56.Kc2 Ng5 57.Kc3 Nf3 58.Nf5 
Ng5 59.Nd4+ Kd6 60.b5 Kc5 61.Nb3+ Kb6 62.Kb4 Ne4 63.c5+ Kc7 64.Ka5 Nf6 65.
Ka6 Kb8 66.b6 Nd5 67.c6 Ka8 68.Nc5 Nb4+ 69.Kb5 Nc2 70.b7+ Ka7 71.c7 1-0

[Event "FIDE-Wch k.o. (Women)"]
[Site "Elista RUS"]
[Date "2004.05.25"]
[Round "2.2"]
[White "Galliamova, Alisa"]
[Black "Lomineishvili, Maia"]
[Result "0-1"]
[WhiteElo "2502"]
[BlackElo "2397"]
[EventDate "2004.05.22"]
[PlyCount "66"]

1.d4 Nf6 2.g3 g6 3.Bg2 d5 4.c4 c6 5.Qb3 Bg7 6.Nc3 dxc4 7.Qxc4 Be6 8.Qd3 
Nd5 9.Nf3 Nb4 10.Qd2 c5 11.O-O cxd4 12.Nb5 N8c6 13.Qf4 Nd5 14.Qh4 Qb6 15.
a4 a6 16.Na3 h6 17.g4 Nf6 18.g5 hxg5 19.Qxg5 Rd8 20.Nc2 Rd5 21.Qf4 Rf5 22.
Qd2 Qc7 23.Nce1 Bh6 24.Qc2 Rh5 25.Nd3 Bg4 26.Rd1 Bxc1 27.Qxc1 Bxf3 28.exf3
Qxh2+ 29.Kf1 Qd6 30.b4 Kf8 31.Rb1 Nd5 32.f4 Nc3 33.b5 Rh1+ 0-1

[Event "FIDE-Wch k.o. (Women)"]
[Site "Elista RUS"]
[Date "2004.05.24"]
[Round "2.1"]
[White "Lahno, Kateryna"]
[Black "Polovnikova, Ekaterina"]
[Result "1-0"]
[WhiteElo "2493"]
[BlackElo "2406"]
[EventDate "2004.05.22"]
[PlyCount "97"]

1.e4 e5 2.Nf3 Nf6 3.Nxe5 d6 4.Nf3 Nxe4 5.d4 d5 6.Bd3 Bd6 7.O-O O-O 8.c4 c6
9.Qc2 Na6 10.a3 Bg4 11.Ne5 Bf5 12.b4 f6 13.Nf3 Qe8 14.b5 cxb5 15.c5 Bc7 
16.Nc3 Rd8 17.Re1 Qh5 18.Nxe4 Bxe4 19.Bxe4 dxe4 20.Rxe4 Qd5 21.Rb1 Rfe8 
22.Rxe8+ Rxe8 23.Be3 b6 24.Rxb5 bxc5 25.dxc5 Re4 26.Nd2 Rg4 27.g3 f5 28.
Qb3 Qxb3 29.Nxb3 f4 30.Bd4 f3 31.Rb7 Re4 32.h4 Re1+ 33.Kh2 Re4 34.Rxa7 
Rxh4+ 35.Kg1 Rh6 36.Nd2 Rc6 37.Nxf3 Nxc5 38.Ne5 Bxe5 39.Bxe5 Ne6 40.Kg2 g5
41.Kf3 Rc4 42.Re7 g4+ 43.Ke3 Nc5 44.Bd4 Nb3 45.Rg7+ Kf8 46.Rxg4 Kf7 47.Rh4
Kg6 48.Bb6 Rc3+ 49.Ke2 1-0

[Event "FIDE-Wch k.o. (Women)"]
[Site "Elista RUS"]
[Date "2004.05.25"]
[Round "2.2"]
[White "Polovnikova, Ekaterina"]
[Black "Lahno, Kateryna"]
[Result "1-0"]
[WhiteElo "2406"]
[BlackElo "2493"]
[EventDate "2004.05.22"]
[PlyCount "85"]

1.d4 Nf6 2.c4 g6 3.Nc3 Bg7 4.e4 d6 5.Bd3 Nc6 6.Nge2 e5 7.d5 Nd4 8.O-O O-O 
9.Rb1 c5 10.dxc6 bxc6 11.Bg5 Qc7 12.Qd2 Re8 13.b4 Be6 14.Rfc1 Nd7 15.Nxd4 
exd4 16.Nd5 Qb7 17.Ne7+ Kh8 18.Nf5 gxf5 19.exf5 Ne5 20.fxe6 fxe6 21.Be2 
Qf7 22.Rb3 Rg8 23.f4 Ng6 24.Rh3 Raf8 25.Rf1 Bf6 26.Bd3 c5 27.bxc5 dxc5 28.
Bh6 Re8 29.Be4 Qe7 30.Rb1 Qf7 31.Kh1 Nh4 32.Bg5 Bxg5 33.fxg5 Ng6 34.Rh6 
Rg7 35.h4 Kg8 36.Kg1 Rf8 37.g3 Ne5 38.Rf6 Qe8 39.Qf4 Nd7 40.Bc6 Rgf7 41.
Rf1 Rxf6 42.gxf6 Qf7 43.Qg5+ 1-0